000 00566nam a2200241 a 4500
001 nice12345678
003 IN_TiNIC
005 20260116011350.0
008 050524s1956 lona grp 000 0 eng
020 _a
_c100
082 0 0 _a270
_bFOS
100 _aFoster, John
245 _aBeginning from Jerusalem
260 _aLondon
_bLutterworth Educational
_c1956
300 _a94p
500 _aincludes index and biblioraphy
505 2 _aAppendix
650 _aChurch-History
700 1 _aFoster, John
902 _bSRS
942 _cBK
999 _c889
_d889